[Event "World op 28th"]
[Site "Philadelphia"]
[Date "2000.07.02"]
[Round "5"]
[White "Costigan, Richard"]
[Black "Ashley, Maurice"]
[Result "0-1"]
[WhiteElo "2320"]
[BlackElo "2499"]
[PlyCount "90"]
[EventDate "2000.06.28"]
[EventType "swiss"]
[EventRounds "9"]
[EventCountry "USA"]
[SourceTitle "EXT 2001"]
[Source "ChessBase"]
[SourceDate "2000.11.22"]
[SourceVersion "1"]
[SourceVersionDate "2000.11.22"]
[SourceQuality "1"]

1. d4 Nf6 2. Nf3 e6 3. Bg5 h6 4. Bh4 c5 5. e3 d5 6. c3 Nc6 7. Nbd2 Bd6 8. Bd3
O-O 9. O-O cxd4 10. exd4 e5 11. dxe5 Nxe5 12. Nxe5 Bxe5 13. Re1 Bd6 14. Qf3 g5
15. Bg3 Bg4 16. Qe3 Re8 17. Qd4 Rxe1+ 18. Rxe1 Bxg3 19. fxg3 Qb6 20. Nb3 Qxd4+
21. Nxd4 Bd7 22. h3 Kf8 23. Re5 Re8 24. Rxe8+ Nxe8 25. g4 Ke7 26. Kf2 Nf6 27.
Ke3 h5 28. gxh5 Nxh5 29. Kf3 Kf6 30. Bb5 Bc8 31. g4 Nf4 32. h4 Ng6 33. hxg5+
Kxg5 34. Be8 Bxg4+ 35. Ke3 Ne5 36. Nb5 a6 37. Nd6 f5 38. Kd4 Nc4 39. Nxf5 Bxf5
40. Kxd5 Nxb2 41. c4 Kf6 42. c5 Ke7 43. c6 b6 44. Bh5 Be6+ 45. Ke5 Nd3+ 0-1

[Event "World op 28th"]
[Site "Philadelphia"]
[Date "2000.07.04"]
[Round "8"]
[White "Rubenchik, Rodion"]
[Black "Ashley, Maurice"]
[Result "0-1"]
[WhiteElo "2335"]
[BlackElo "2499"]
[PlyCount "60"]
[EventDate "2000.06.28"]
[EventType "swiss"]
[EventRounds "9"]
[EventCountry "USA"]
[SourceTitle "EXT 2001"]
[Source "ChessBase"]
[SourceDate "2000.11.22"]
[SourceVersion "1"]
[SourceVersionDate "2000.11.22"]
[SourceQuality "1"]

1. c4 c5 2. Nf3 Nc6 3. d4 cxd4 4. Nxd4 e6 5. Nc3 Bb4 6. Ndb5 a6 7. Nd6+ Ke7 8.
Nxc8+ Rxc8 9. Bd2 Nf6 10. e3 d5 11. Rc1 d4 12. exd4 Qxd4 13. a3 Bc5 14. Qe2
Rhd8 15. Be3 Qd6 16. Bxc5 Qxc5 17. b4 Qg5 18. Qe3 Qxe3+ 19. fxe3 a5 20. Rb1
axb4 21. axb4 Ne5 22. c5 Nd3+ 23. Bxd3 Rxd3 24. Nd1 Ne4 25. Ke2 Rcd8 26. Re1 f5
27. Rc1 Rb3 28. Rc4 Rd2+ 29. Kf3 Rb1 30. Rd4 Rbxd1 0-1

[Event "Continental op 45'"]
[Site "Los Angeles"]
[Date "2000.07.24"]
[Round "1"]
[White "Ashley, Maurice"]
[Black "Benen, Samson"]
[Result "1-0"]
[WhiteElo "2482"]
[BlackElo "2190"]
[PlyCount "53"]
[EventDate "2000.07.24"]
[EventType "swiss"]
[EventRounds "9"]
[EventCountry "USA"]
[SourceTitle "EXT 2001"]
[Source "ChessBase"]
[SourceDate "2000.11.22"]
[SourceVersion "1"]
[SourceVersionDate "2000.11.22"]
[SourceQuality "1"]

1. e4 c6 2. c4 d5 3. cxd5 cxd5 4. exd5 Nf6 5. Bb5+ Nbd7 6. Nc3 g6 7. Nf3 Bg7 8.
d6 e6 9. d4 O-O 10. Bf4 Nh5 11. Bg5 Bf6 12. Be3 Qb6 13. Ne5 Qxd6 14. g4 Ng7 15.
Bxd7 Bxe5 16. dxe5 Qxd7 17. Ne4 Qc6 18. Nf6+ Kh8 19. O-O b6 20. Rc1 Qb5 21. Qf3
Ba6 22. Qf4 g5 23. Qxg5 Qd3 24. Rfd1 Qg6 25. Qxg6 hxg6 26. Rc3 Rad8 27. Bd4 1-0

[Event "Continental op 45'"]
[Site "Los Angeles"]
[Date "2000.07.25"]
[Round "2"]
[White "Small, Gregg"]
[Black "Ashley, Maurice"]
[Result "1/2-1/2"]
[WhiteElo "2270"]
[BlackElo "2482"]
[PlyCount "82"]
[EventDate "2000.07.24"]
[EventType "swiss"]
[EventRounds "9"]
[EventCountry "USA"]
[SourceTitle "EXT 2001"]
[Source "ChessBase"]
[SourceDate "2000.11.22"]
[SourceVersion "1"]
[SourceVersionDate "2000.11.22"]
[SourceQuality "1"]

1. e4 c5 2. f4 d5 3. exd5 Nf6 4. Bb5+ Bd7 5. Bxd7+ Qxd7 6. c4 e6 7. Qe2 Bd6 8.
d3 O-O 9. dxe6 fxe6 10. Nf3 Nc6 11. O-O Rae8 12. Nc3 e5 13. f5 Nd4 14. Qd1 e4
15. Nxd4 cxd4 16. Nxe4 Nxe4 17. dxe4 Qc7 18. Qd3 Bxh2+ 19. Kh1 Be5 20. Bd2 Qc6
21. Rf3 Rf7 22. Re1 Rfe7 23. Bg5 Rc7 24. b3 a6 25. Rf2 Qd6 26. Ref1 h6 27. Bf4
Rf7 28. Bxe5 Qxe5 29. Re2 b5 30. cxb5 axb5 31. Kg1 Rf6 32. Rd1 Rxf5 33. Qxd4
Qg3 34. Qd3 Qg4 35. Rf1 Rfe5 36. Qf3 Qe6 37. Rfe1 b4 38. Qd3 Qb6+ 39. Qe3 Qb8
40. Qd4 Rd8 41. Qe3 Rde8 1/2-1/2

[Event "Continental op 45'"]
[Site "Los Angeles"]
[Date "2000.07.26"]
[Round "3"]
[White "Ashley, Maurice"]
[Black "Casella, Michael"]
[Result "1-0"]
[WhiteElo "2482"]
[BlackElo "2367"]
[PlyCount "58"]
[EventDate "2000.07.24"]
[EventType "swiss"]
[EventRounds "9"]
[EventCountry "USA"]
[SourceTitle "EXT 2001"]
[Source "ChessBase"]
[SourceDate "2000.11.22"]
[SourceVersion "1"]
[SourceVersionDate "2000.11.22"]
[SourceQuality "1"]

1. e4 c5 2. Nf3 Nc6 3. d4 cxd4 4. Nxd4 Nf6 5. Nc3 e5 6. Ndb5 d6 7. Bg5 a6 8.
Na3 b5 9. Nd5 Be7 10. Bxf6 Bxf6 11. c3 Bb7 12. Nc2 Nb8 13. g3 Nd7 14. h4 O-O
15. Nce3 Nb6 16. Bg2 Rc8 17. O-O Nxd5 18. Nxd5 Bxd5 19. Qxd5 Qb6 20. Rfd1 Be7
21. Bf1 Rc5 22. Qb3 Qc6 23. a4 Rd8 24. axb5 axb5 25. Ra7 Kf8 26. Rda1 Rb8 27.
R1a6 Qxe4 28. Rxd6 Ra8 29. Qd1 g6 1-0

[Event "Continental op 45'"]
[Site "Los Angeles"]
[Date "2000.07.29"]
[Round "6"]
[White "Donaldson, John W"]
[Black "Ashley, Maurice"]
[Result "1/2-1/2"]
[WhiteElo "2396"]
[BlackElo "2482"]
[PlyCount "45"]
[EventDate "2000.07.24"]
[EventType "swiss"]
[EventRounds "9"]
[EventCountry "USA"]
[SourceTitle "EXT 2001"]
[Source "ChessBase"]
[SourceDate "2000.11.22"]
[SourceVersion "1"]
[SourceVersionDate "2000.11.22"]
[SourceQuality "1"]

1. Nf3 c5 2. c4 Nc6 3. g3 e5 4. Nc3 g6 5. Bg2 Bg7 6. O-O Nge7 7. a3 a5 8. d3 d6
9. Bg5 f6 10. Bd2 O-O 11. Ne1 Be6 12. Nc2 d5 13. cxd5 Nxd5 14. b4 axb4 15. Nxd5
Bxd5 16. Bxd5+ Qxd5 17. axb4 Nd4 18. Nxd4 cxd4 19. Qc2 Rac8 20. Qb2 Rfd8 21.
Rfc1 Bf8 22. b5 g5 23. Rab1 1/2-1/2

[Event "Continental op 45'"]
[Site "Los Angeles"]
[Date "2000.07.30"]
[Round "8"]
[White "Sadvakasov, Darmen"]
[Black "Ashley, Maurice"]
[Result "1/2-1/2"]
[WhiteElo "2509"]
[BlackElo "2482"]
[PlyCount "133"]
[EventDate "2000.07.24"]
[EventType "swiss"]
[EventRounds "9"]
[EventCountry "USA"]
[SourceTitle "EXT 2001"]
[Source "ChessBase"]
[SourceDate "2000.11.22"]
[SourceVersion "1"]
[SourceVersionDate "2000.11.22"]
[SourceQuality "1"]

1. e4 c5 2. Nf3 d6 3. d4 cxd4 4. Nxd4 Nf6 5. Nc3 a6 6. Be2 e5 7. Nb3 Be7 8. Be3
O-O 9. g4 Be6 10. g5 Nfd7 11. Qd2 a5 12. Bb5 Na6 13. O-O-O Nb6 14. Kb1 Nc4 15.
Bxc4 Bxc4 16. Na4 b5 17. Nb6 Rb8 18. Qxa5 Nc7 19. Nc1 Be6 20. Qd2 Bg4 21. h4
Bxd1 22. Rxd1 f5 23. gxf6 Rxf6 24. h5 Qe8 25. Qc3 Bd8 26. Rh1 h6 27. Nd3 Rf3
28. Ne1 Rf7 29. Nd3 Bg5 30. Nb4 Bxe3 31. Qxe3 Qe6 32. N6d5 Nxd5 33. Nxd5 Rbf8
34. Qb3 Rxf2 35. Rc1 Kh7 36. Qxb5 Qg4 37. Qd3 Qxh5 38. a4 R2f3 39. Qc4 Qh3 40.
a5 Rf1 41. Rxf1 Rxf1+ 42. Ka2 Qh1 43. Kb3 Ra1 44. a6 h5 45. Kb4 Qb1 46. Kb5
Qxb2+ 47. Nb4 Qd4 48. Qxd4 exd4 49. Nc6 h4 50. Na5 h3 51. a7 h2 52. a8=Q h1=Q
53. Qd5 Qh6 54. Nc4 Rb1+ 55. Kc6 Rc1 56. Nxd6 Rxc2+ 57. Kd7 Qh3+ 58. Kd8 d3 59.
e5 Qh4+ 60. Kd7 d2 61. Qd3+ g6 62. Qxc2 Qg4+ 63. e6 d1=Q 64. Qxd1 Qxd1 65. e7
Qa4+ 66. Kc7 Qa7+ 67. Kd8 1/2-1/2

[Event "Continental op"]
[Site "Las Vegas"]
[Date "2001.07.26"]
[Round "1"]
[White "Ashley, Maurice"]
[Black "Raptis, Nick"]
[Result "1/2-1/2"]
[WhiteElo "2504"]
[BlackElo "2167"]
[PlyCount "147"]
[EventDate "2001.07.26"]
[EventType "swiss"]
[EventRounds "6"]
[EventCountry "USA"]
[SourceTitle "EXT 2002"]
[Source "ChessBase"]
[SourceDate "2001.11.25"]
[SourceVersion "1"]
[SourceVersionDate "2001.11.25"]
[SourceQuality "1"]

1. e4 e6 2. d4 d5 3. exd5 exd5 4. c4 Nf6 5. Nc3 Be7 6. Bd3 O-O 7. Nge2 Nbd7 8.
O-O dxc4 9. Bxc4 Nb6 10. Bb3 c6 11. Re1 Bf5 12. Ng3 Bg6 13. f4 Bd6 14. Rf1 Qc7
15. Kh1 h6 16. f5 Bh7 17. Nge4 Be7 18. Qf3 Nbd7 19. d5 cxd5 20. Nxd5 Nxd5 21.
Bxd5 Nf6 22. Bxb7 Rab8 23. Nxf6+ Bxf6 24. Bd5 Bxb2 25. Bxb2 Rxb2 26. f6 Qe5 27.
fxg7 Qxg7 28. Rae1 Bg6 29. Re7 a6 30. h3 Rb1 31. Rxb1 Bxb1 32. Qf1 Qg6 33. Rxf7
Rxf7 34. Bxf7+ Qxf7 35. Qxb1 Qf6 36. Qb3+ Kg7 37. Kh2 Qc6 38. Qg3+ Kh7 39. Qe5
Qc4 40. a3 Kg6 41. Qd6+ Kh7 42. Qd7+ Kh8 43. Qg4 Qc7+ 44. Qg3 Qc4 45. Qe3 Kh7
46. g4 a5 47. Kg3 a4 48. Kh4 Qf1 49. Qe4+ Kg7 50. Qe5+ Kg6 51. Qd6+ Kg7 52.
Qd7+ Kg6 53. Qc6+ Kg7 54. Qc3+ Kg6 55. Kg3 Qb5 56. Kf4 Qb3 57. Qc6+ Kg7 58.
Qc7+ Kf6 59. Qd6+ Kg7 60. Qe7+ Kg6 61. h4 Qb8+ 62. Qe5 Qb3 63. Qd6+ Kf7 64.
Qd7+ Kf6 65. Qf5+ Kg7 66. Qe5+ Kf7 67. Qc7+ Kf6 68. g5+ hxg5+ 69. hxg5+ Kg6 70.
Qd6+ Kg7 71. Qe7+ Kg6 72. Qd6+ Kg7 73. Qe7+ Kg6 74. Qd6+ 1/2-1/2

[Event "Continental op"]
[Site "Las Vegas"]
[Date "2001.07.27"]
[Round "2"]
[White "Hanken, Jerome B"]
[Black "Ashley, Maurice"]
[Result "0-1"]
[WhiteElo "2136"]
[BlackElo "2504"]
[PlyCount "120"]
[EventDate "2001.07.26"]
[EventType "swiss"]
[EventRounds "6"]
[EventCountry "USA"]
[SourceTitle "EXT 2002"]
[Source "ChessBase"]
[SourceDate "2001.11.25"]
[SourceVersion "1"]
[SourceVersionDate "2001.11.25"]
[SourceQuality "1"]

1. c4 c5 2. g3 Nc6 3. Bg2 d6 4. e3 e5 5. Nc3 g6 6. Nge2 Bg7 7. d3 Nge7 8. Rb1
h5 9. a3 a5 10. Nd5 Nxd5 11. cxd5 Ne7 12. b4 cxb4 13. axb4 h4 14. bxa5 hxg3 15.
hxg3 Rxh1+ 16. Bxh1 Rxa5 17. Bd2 Ra6 18. Bc3 Qd7 19. Bg2 Qg4 20. Rb4 Qf5 21. g4
Qg5 22. Ng3 f5 23. gxf5 gxf5 24. Qh5+ Qxh5 25. Nxh5 Bf8 26. f4 Ra2 27. Bb2 Ng6
28. Bf3 Kd8 29. Kd1 exf4 30. exf4 Kc7 31. Kc2 Bh6 32. Kb3 Ra6 33. Bf6 Bd7 34.
Bg5 Bxg5 35. fxg5 Ra1 36. Rc4+ Kd8 37. d4 Rg1 38. Ng7 Nf4 39. Nh5 Nxh5 40. Bxh5
Rxg5 41. Bf7 f4 42. Be6 f3 43. Rc1 Bxe6 44. dxe6 Ke7 45. Rf1 Rf5 46. d5 Rxd5
47. Rxf3 Kxe6 48. Rf8 Rc5 49. Rb8 Rc7 50. Re8+ Kf5 51. Rd8 Ke5 52. Kb4 d5 53.
Kb5 d4 54. Kb6 Rc6+ 55. Kxb7 Rd6 56. Re8+ Kd5 57. Kc7 d3 58. Re3 Rc6+ 59. Kd7
Rc3 60. Re6 Rc2 0-1

[Event "US op 102nd"]
[Site "Framingham"]
[Date "2001.08.05"]
[Round "2"]
[White "Quan, Zhe"]
[Black "Ashley, Maurice"]
[Result "0-1"]
[WhiteElo "2272"]
[BlackElo "2504"]
[PlyCount "88"]
[EventDate "2001.08.04"]
[EventType "swiss"]
[EventRounds "9"]
[EventCountry "USA"]
[SourceTitle "CBM 083 Extra"]
[Source "ChessBase"]
[SourceDate "2001.09.11"]
[SourceVersion "1"]
[SourceVersionDate "2001.09.11"]
[SourceQuality "1"]

1. d4 g6 2. Nf3 Bg7 3. c3 d6 4. e4 Nf6 5. Bd3 O-O 6. O-O Nc6 7. Bg5 h6 8. Bh4
Qe8 9. Nbd2 Nh5 10. Nb3 e5 11. d5 Nb8 12. Ne1 f5 13. f3 Nd7 14. Nc2 Ndf6 15.
Ne3 f4 16. Ng4 g5 17. Nxf6+ Nxf6 18. Be1 g4 19. Be2 Qg6 20. Qc2 gxf3 21. Bxf3
Nxd5 22. Bf2 Nf6 23. Qe2 Kh8 24. Kh1 b6 25. Rae1 a5 26. Rg1 Ng4 27. h3 Nxf2+
28. Qxf2 Be6 29. Nc1 Bf6 30. a3 Qf7 31. Qe2 Rg8 32. Ref1 Bh4 33. Qd2 Bg3 34.
Ne2 Qd7 35. Nxg3 Rxg3 36. Rf2 Rag8 37. Re1 Bxh3 38. gxh3 Qxh3+ 39. Rh2 Rxf3 40.
Qe2 Kh7 41. Qc4 Rg7 42. Qe2 Qg3 43. Rd1 Re3 44. Qd2 Qf3+ 0-1

[Event "US op 102nd"]
[Site "Framingham"]
[Date "2001.08.07"]
[Round "4"]
[White "Ariel, Donny"]
[Black "Ashley, Maurice"]
[Result "1/2-1/2"]
[WhiteElo "2354"]
[BlackElo "2504"]
[PlyCount "68"]
[EventDate "2001.08.04"]
[EventType "swiss"]
[EventRounds "9"]
[EventCountry "USA"]
[SourceTitle "CBM 083 Extra"]
[Source "ChessBase"]
[SourceDate "2001.09.11"]
[SourceVersion "1"]
[SourceVersionDate "2001.09.11"]
[SourceQuality "1"]

1. Nf3 c5 2. c4 Nc6 3. g3 g6 4. Bg2 Bg7 5. Nc3 e5 6. d3 Nge7 7. O-O O-O 8. a3
d6 9. Rb1 a5 10. Ne1 Be6 11. Nd5 Rb8 12. Nxe7+ Qxe7 13. Bd2 Qd7 14. b4 axb4 15.
axb4 cxb4 16. Nc2 b5 17. cxb5 Rxb5 18. Nxb4 Nxb4 19. Rxb4 Rfb8 20. Rxb5 Qxb5
21. Qc2 Bg4 22. Re1 Bf8 23. h3 Rc8 24. Qa2 Be6 25. Qb1 Qxb1 26. Rxb1 Rc2 27.
Rd1 Ra2 28. Bf1 d5 29. Be1 d4 30. Rb1 Rc2 31. Rb8 Kg7 32. Bb4 Bxb4 33. Rxb4 Rc1
34. g4 h5 1/2-1/2

[Event "US op 102nd"]
[Site "Framingham"]
[Date "2001.08.08"]
[Round "5"]
[White "Ashley, Maurice"]
[Black "Haessler, Carl A"]
[Result "1-0"]
[WhiteElo "2504"]
[BlackElo "2252"]
[PlyCount "123"]
[EventDate "2001.08.04"]
[EventType "swiss"]
[EventRounds "9"]
[EventCountry "USA"]
[SourceTitle "CBM 083 Extra"]
[Source "ChessBase"]
[SourceDate "2001.09.11"]
[SourceVersion "1"]
[SourceVersionDate "2001.09.11"]
[SourceQuality "1"]

1. d4 Nf6 2. Nf3 e6 3. g3 c5 4. Bg2 Nc6 5. O-O Be7 6. c4 cxd4 7. Nxd4 O-O 8.
Nc3 d5 9. cxd5 exd5 10. Bg5 h6 11. Be3 Re8 12. Rc1 Bg4 13. Nxc6 bxc6 14. f3 Bc8
15. Na4 Bd6 16. Bd4 Ba6 17. Rf2 Qe7 18. Bf1 Rac8 19. e3 Bxf1 20. Kxf1 Nd7 21.
Rfc2 c5 22. b4 c4 23. Nc3 Qe6 24. Rb1 Be5 25. Kg2 Rcd8 26. Re2 f5 27. Qd2 a6
28. b5 axb5 29. Rxb5 Nf6 30. a4 g5 31. a5 g4 32. f4 Ne4 33. Nxe4 Bxd4 34. Qxd4
Qxe4+ 35. Qxe4 Rxe4 36. Kf2 c3 37. Rc5 Ra4 38. Rc2 Ra8 39. Rxd5 R4xa5 40. Rxa5
Rxa5 41. Ke2 Kg7 42. Kd3 Ra3 43. Rxc3 Ra4 44. Rc4 Ra2 45. Kd4 Rxh2 46. Ke5 Rg2
47. Kxf5 Rxg3 48. Rc7+ Kf8 49. e4 Re3 50. Rh7 g3 51. Rxh6 g2 52. Rg6 Re2 53.
Ke5 Kf7 54. f5 Rf2 55. Kd4 Rd2+ 56. Ke3 Ra2 57. Kf3 Ra3+ 58. Kxg2 Re3 59. Re6
Ra3 60. Kf2 Rb3 61. Ke2 Ra3 62. Rd6 1-0

[Event "US op 102nd"]
[Site "Framingham"]
[Date "2001.08.10"]
[Round "7"]
[White "Ashley, Maurice"]
[Black "Friedel, Joshua E"]
[Result "1-0"]
[WhiteElo "2504"]
[BlackElo "2221"]
[PlyCount "35"]
[EventDate "2001.08.04"]
[EventType "swiss"]
[EventRounds "9"]
[EventCountry "USA"]
[SourceTitle "CBM 083 Extra"]
[Source "ChessBase"]
[SourceDate "2001.09.11"]
[SourceVersion "1"]
[SourceVersionDate "2001.09.11"]
[SourceQuality "1"]

1. c4 e5 2. Nc3 Bb4 3. g3 Nf6 4. Bg2 c6 5. Nf3 Qe7 6. O-O O-O 7. d3 Bxc3 8.
bxc3 h6 9. e4 d6 10. Ne1 Na6 11. f4 Nc7 12. a4 Bd7 13. Qf3 Nh7 14. d4 Rae8 15.
Nd3 Be6 16. fxe5 Bxc4 17. exd6 Qxd6 18. Ba3 1-0

[Event "US op 102nd"]
[Site "Framingham"]
[Date "2001.08.11"]
[Round "8"]
[White "Del Mundo, Anton Paolo C"]
[Black "Ashley, Maurice"]
[Result "1/2-1/2"]
[WhiteElo "2207"]
[BlackElo "2504"]
[PlyCount "65"]
[EventDate "2001.08.04"]
[EventType "swiss"]
[EventRounds "9"]
[EventCountry "USA"]
[SourceTitle "CBM 083 Extra"]
[Source "ChessBase"]
[SourceDate "2001.09.11"]
[SourceVersion "1"]
[SourceVersionDate "2001.09.11"]
[SourceQuality "1"]

1. d4 g6 2. Nf3 Bg7 3. c4 d6 4. Nc3 Bg4 5. e4 Nc6 6. d5 Nd4 7. Be2 Nxe2 8. Qxe2
c6 9. h3 Bxf3 10. Qxf3 Rc8 11. O-O Nf6 12. Bd2 O-O 13. Rac1 a6 14. Rfd1 Nd7 15.
Qe2 Re8 16. Be3 Qa5 17. Bd4 Bf8 18. a3 c5 19. Be3 Rb8 20. f4 b5 21. cxb5 axb5
22. e5 b4 23. axb4 cxb4 24. Ne4 dxe5 25. fxe5 Nxe5 26. Bf4 Bg7 27. Nf2 Qb5 28.
Qe4 f6 29. Bxe5 fxe5 30. Nd3 e6 31. Nxe5 Rbd8 32. Nc6 exd5 33. Qxb4 1/2-1/2

[Event "US op 102nd"]
[Site "Framingham"]
[Date "2001.08.12"]
[Round "9"]
[White "Ashley, Maurice"]
[Black "Hoekstra, Matthew"]
[Result "1-0"]
[WhiteElo "2504"]
[BlackElo "2213"]
[PlyCount "95"]
[EventDate "2001.08.04"]
[EventType "swiss"]
[EventRounds "9"]
[EventCountry "USA"]
[SourceTitle "CBM 083 Extra"]
[Source "ChessBase"]
[SourceDate "2001.09.11"]
[SourceVersion "1"]
[SourceVersionDate "2001.09.11"]
[SourceQuality "1"]

1. c4 Nf6 2. Nc3 e6 3. e4 d5 4. exd5 exd5 5. d4 c6 6. Bd3 Be7 7. Nge2 O-O 8.
O-O Nbd7 9. Re1 Re8 10. a3 Nf8 11. cxd5 Nxd5 12. Nxd5 cxd5 13. Qb3 Bf6 14. Be3
Ne6 15. Rad1 g6 16. Bb1 b6 17. Ba2 Bb7 18. Qd3 Qd7 19. Nc3 Re7 20. Rc1 Rae8 21.
Red1 h5 22. h3 Kg7 23. Qd2 Rh8 24. Bb3 h4 25. Ba4 Qd8 26. Ne2 Ba6 27. Rc6 Qa8
28. Rd6 Qb8 29. Rc6 Qb7 30. Nf4 b5 31. Rxe6 bxa4 32. Rd6 Bc4 33. Nd3 Rh5 34.
Nc5 Qb5 35. Re1 Qe8 36. Rc1 Qb8 37. Rc6 Qe8 38. Rd6 Qb8 39. Rd7 Qe8 40. Rxe7
Qxe7 41. Nxa4 Rf5 42. Nc5 Qd6 43. b3 Ba6 44. Qa5 Be2 45. Qxa7 Bg5 46. Qd7 Qf6
47. Qe8 Kh7 48. Nd7 1-0

[Event "New York Masters 01st"]
[Site "New York"]
[Date "2002.03.19"]
[Round "2"]
[White "Furdzik, Rafal"]
[Black "Ashley, Maurice"]
[Result "1-0"]
[WhiteElo "2249"]
[BlackElo "2486"]
[PlyCount "78"]
[EventDate "2002.03.19"]
[EventType "swiss (rapid)"]
[EventRounds "4"]
[EventCountry "USA"]
[SourceTitle "EXT 2003"]
[Source "ChessBase"]
[SourceDate "2002.11.25"]
[SourceVersion "1"]
[SourceVersionDate "2002.11.25"]
[SourceQuality "1"]

1. e4 d6 2. d4 Nf6 3. Nc3 g6 4. Nge2 Bg7 5. g3 O-O 6. Bg2 c6 7. O-O Qc7 8. h3
e5 9. Be3 b6 10. Qd2 Ba6 11. Rfe1 Nbd7 12. Rad1 b5 13. a3 Rfe8 14. Bh6 Rad8 15.
Bxg7 Kxg7 16. g4 Qb6 17. Kh1 Bb7 18. f4 exd4 19. Nxd4 a6 20. Nde2 Nc5 21. Ng3
b4 22. g5 bxc3 23. Qxc3 Kg8 24. Qxf6 Re6 25. Qd4 Qc7 26. b4 Na4 27. h4 c5 28.
bxc5 Nxc5 29. h5 f6 30. gxf6 Rf8 31. e5 dxe5 32. fxe5 Bxg2+ 33. Kxg2 Qc6+ 34.
Qd5 Kf7 35. hxg6+ hxg6 36. Rh1 Kg8 37. Qxc6 Rxc6 38. Rd2 Re8 39. Rd5 Ne6 1-0

[Event "Foxwoods op 04th"]
[Site "Connecticut"]
[Date "2002.03.31"]
[Round "6"]
[White "Ashley, Maurice"]
[Black "Christiansen, Larry Mark"]
[Result "1-0"]
[WhiteElo "2486"]
[BlackElo "2571"]
[PlyCount "99"]
[EventDate "2002.03.28"]
[EventType "swiss"]
[EventRounds "7"]
[EventCountry "USA"]
[SourceTitle "CBM 087 Extra"]
[Source "ChessBase"]
[SourceDate "2002.05.03"]
[SourceVersion "2"]
[SourceVersionDate "2002.08.09"]
[SourceQuality "1"]

1. e4 g6 2. d4 Bg7 3. Nc3 c6 4. Nf3 d5 5. h3 Nf6 6. Bd3 dxe4 7. Nxe4 Nxe4 8.
Bxe4 Bf5 9. Bxf5 Qa5+ 10. c3 Qxf5 11. O-O Nd7 12. Re1 e6 13. Nd2 O-O 14. Nc4
Qd5 15. Ne3 Qd6 16. Qf3 Rae8 17. b3 c5 18. Qxb7 cxd4 19. cxd4 Bxd4 20. Rd1 Rd8
21. Qxa7 Bxa7 22. Rxd6 Nf6 23. Rxd8 Rxd8 24. Bb2 Ne4 25. Rd1 Ra8 26. Bd4 Bxd4
27. Rxd4 Nc3 28. Rc4 Nxa2 29. Ra4 Rxa4 30. bxa4 Nb4 31. Kf1 Kf8 32. Ke2 Ke7 33.
Nc4 f6 34. Kd2 Kd7 35. Kc3 Nd5+ 36. Kd4 Kc6 37. Ne3 e5+ 38. Kc4 Nf4 39. h4 h5
40. a5 g5 41. g3 Nh3 42. g4 gxh4 43. gxh5 Nxf2 44. h6 Ne4 45. Nf5 Ng5 46. Nxh4
Nh7 47. Nf5 Ng5 48. Ne7+ Kb7 49. Kb5 e4 50. a6+ 1-0

[Event "World op 30th"]
[Site "Philadelphia"]
[Date "2002.06.29"]
[Round "1"]
[White "Wright, William"]
[Black "Ashley, Maurice"]
[Result "0-1"]
[WhiteElo "2186"]
[BlackElo "2473"]
[PlyCount "42"]
[EventDate "2002.06.29"]
[EventType "swiss"]
[EventRounds "9"]
[EventCountry "USA"]
[SourceTitle "CBM 089 Extra"]
[Source "ChessBase"]
[SourceDate "2002.09.10"]
[SourceVersion "2"]
[SourceVersionDate "2002.09.10"]
[SourceQuality "1"]

1. d4 Nf6 2. c4 e6 3. Nc3 Bb4 4. Qc2 O-O 5. Nf3 c5 6. dxc5 Na6 7. a3 Bxc3+ 8.
Qxc3 Nxc5 9. b4 Nce4 10. Qd4 d6 11. Nd2 e5 12. Qe3 Nxd2 13. Bxd2 Re8 14. Qd3
Be6 15. e4 Rc8 16. Rc1 Re7 17. Rc3 Rec7 18. Qc2 b5 19. c5 dxc5 20. bxc5 Qd4 21.
Bxb5 Nxe4 0-1

[Event "World op 30th"]
[Site "Philadelphia"]
[Date "2002.06.30"]
[Round "2"]
[White "Ashley, Maurice"]
[Black "Shchukin, Sergey A"]
[Result "1-0"]
[WhiteElo "2473"]
[BlackElo "2208"]
[PlyCount "65"]
[EventDate "2002.06.29"]
[EventType "swiss"]
[EventRounds "9"]
[EventCountry "USA"]
[SourceTitle "CBM 089 Extra"]
[Source "ChessBase"]
[SourceDate "2002.09.10"]
[SourceVersion "2"]
[SourceVersionDate "2002.09.10"]
[SourceQuality "1"]

1. e4 e5 2. Nf3 Nc6 3. Bb5 d6 4. d4 Bd7 5. Nc3 Nf6 6. O-O exd4 7. Nxd4 Be7 8.
Bf4 O-O 9. Re1 Bg4 10. Qd2 Nxd4 11. Qxd4 c6 12. Be2 Be6 13. Rad1 d5 14. exd5
Nxd5 15. Be5 Nf6 16. Qh4 Ng4 17. Qg3 Qc8 18. Bxg4 Bxg4 19. Bxg7 Bxd1 20. Rxd1
Bh4 21. Qxh4 Kxg7 22. Qg5+ Kh8 23. Qf6+ Kg8 24. Rd3 Re8 25. Rg3+ Kf8 26. Qd6+
Re7 27. Qh6+ Ke8 28. Rg8+ Kd7 29. Qd2+ Kc7 30. Rxc8+ Rxc8 31. Qf4+ Kd7 32. Ne4
Rd8 33. f3 1-0

[Event "World op 30th"]
[Site "Philadelphia"]
[Date "2002.07.03"]
[Round "5"]
[White "Hoekstra, Matthew"]
[Black "Ashley, Maurice"]
[Result "1/2-1/2"]
[WhiteElo "2241"]
[BlackElo "2473"]
[PlyCount "79"]
[EventDate "2002.06.29"]
[EventType "swiss"]
[EventRounds "9"]
[EventCountry "USA"]
[SourceTitle "CBM 089 Extra"]
[Source "ChessBase"]
[SourceDate "2002.09.10"]
[SourceVersion "2"]
[SourceVersionDate "2002.09.10"]
[SourceQuality "1"]

1. e4 d6 2. d4 Nf6 3. Nc3 g6 4. g3 Bg7 5. Bg2 O-O 6. Nge2 Nbd7 7. O-O c5 8. h3
Rb8 9. a4 b6 10. d5 a6 11. g4 b5 12. g5 Ne8 13. Ng3 Nc7 14. h4 Nb6 15. axb5
axb5 16. Nce2 b4 17. f4 Bg4 18. Bf3 Bxf3 19. Rxf3 Nb5 20. c3 bxc3 21. bxc3 Ra8
22. Rb1 Na3 23. Bxa3 Rxa3 24. h5 Qc7 25. Qf1 Nc4 26. Rd1 Ra2 27. Qh3 Rb8 28.
hxg6 hxg6 29. f5 Qc8 30. Qh4 Ne5 31. Rf2 Rbb2 32. Kh2 Qa6 33. f6 exf6 34. gxf6
Bxf6 35. Qxf6 Rxe2 36. Nxe2 Rxe2 37. Qd8+ Kg7 38. Qf6+ Kg8 39. Qd8+ Kg7 40.
Qf6+ 1/2-1/2

[Event "World op 30th"]
[Site "Philadelphia"]
[Date "2002.07.04"]
[Round "6"]
[White "Ashley, Maurice"]
[Black "Adu, Oladapo"]
[Result "1/2-1/2"]
[WhiteElo "2473"]
[BlackElo "2263"]
[PlyCount "80"]
[EventDate "2002.06.29"]
[EventType "swiss"]
[EventRounds "9"]
[EventCountry "USA"]
[SourceTitle "CBM 089 Extra"]
[Source "ChessBase"]
[SourceDate "2002.09.10"]
[SourceVersion "2"]
[SourceVersionDate "2002.09.10"]
[SourceQuality "1"]

1. e4 c5 2. Nf3 d6 3. Bc4 e6 4. O-O Nf6 5. Re1 a6 6. Bb3 b5 7. d3 Be7 8. c3 Bb7
9. Nbd2 Nc6 10. Bc2 Rc8 11. Nf1 Qc7 12. Bf4 Nh5 13. Be3 Nf6 14. Rc1 Ne5 15.
N3d2 d5 16. d4 Nc4 17. Nxc4 dxc4 18. Ng3 h5 19. f3 h4 20. Nf1 Rd8 21. Qe2 Nh5
22. h3 cxd4 23. cxd4 e5 24. d5 Bc5 25. Qf2 Bxe3 26. Nxe3 Ng3 27. Bb1 Qb6 28. b3
cxb3 29. axb3 O-O 30. Nf1 Qxf2+ 31. Kxf2 Nxf1 32. Rxf1 Rc8 33. b4 Rfd8 34. Ke3
g5 35. Bd3 Kf8 36. Kd2 Ke7 37. Ra1 Rc7 38. Ra3 Rd6 39. Rg1 Rh6 40. Rga1 Rc8
1/2-1/2